Birlikte bir yaşam kurmak : (Record no. 14875)

MARC details
000 -BAŞLIK
Sabit Uzunlukta Kontrol Alanı 00886nam a22002417a 4500
999 ## - SİSTEM KONTROL NUMARALARI (KOHA)
Koha Biblionumber 14875
Koha Biblioitemnumber 14875
003 - KONTROL NUMARASI IDENTIFIER
Denetim Alanı MIRAKIL
005 - SON İŞLEM TARİHİ VE ZAMANI
Denetim Alanı 20220407132114.0
008 - SABİT-BOY VERİ ELEMANLARI - GENEL BİLGİLER
Sabit Uzunlukta Kontrol Alanı 220407b tu ||||| |||| 00| 0 tur d
020 ## - ULUSLARARASI STANDART KİTAP NUMARASI
Uluslararası Standart Kitap Numarası 9786057764348
040 ## - KATALOGLAMA KAYNAK
Orijinal Kataloglama Ajansı TR-AnCHP
Metne Dönüştürmek Ajansı TR-AnCHP
041 ## - DİL KODU
Metin / Ses Parça Veya Ayrı Başlığın Dil Kodu tur
082 ## - DEWEY ONLU SINIFLANDIRMA NUMARASI
Sınıflandırma Numarası 302.35
Ürün Numarası D52b 2020
100 ## - ANA GİRİŞ - KİŞİSEL İSİM
Kişisel Ad Christian, Diana Leafe
245 10 - BAŞLIK TABLOSU
Başlık Birlikte bir yaşam kurmak :
Başlığın Kalan ekoköyler ve niyetli topluluklar için pratik bilgiler /
Sorumluluk Tablosu, Vb Diana Leafe Christian ; çevirmen: Zeliha Yıldırım
246 ## - UNVAN FORM VARYING
Başlık Doğru / Kısa Başlığı ekoköyler ve niyetli topluluklar için pratik bilgiler
260 ## - YAYIN, DAĞITIM, VB
Yayın, Dağıtım, Vb Yeri İstanbul:
Yayıncı, Dağıtıcı, Vs Adı Yeni İnsan Yayınevi,
Yayın, Dağıtım, Vb Tarihi 2020.
300 ## - FİZİKSEL TANIM
Kapsam 416 sayfa ;
Boyutlar 22 sm.
490 0# - SERİSİ TABLOSU
Seri Beyanı Yeni İnsan Yayınevi:
-- Ekoloji Serisi:
Hacim / Ardışık Tanımı 244.
-- 57.
504 ## - KAYNAKÇA VB NOT
Kaynakça Vb Notu Kaynakça vardır.
650 #0 - KONU KATMA GİRİŞ - TOPİKAL DÖNEM
9 (RLIN) 6158
Topikal Süreli Veya Coğrafi Ad Giriş Elemanı Toplumsal yaşam
740 ## - KATMA GİRİŞ - KONTROLSUZ İLGİLİ / ANALİTİK BAŞLIK
Kontrol Edilmeyen / İlgili Analitik Başlıktaki ekoköyler ve niyetli topluluklar için pratik bilgiler
942 ## - EKLENDİ GİRİŞ ELEMANLARI (KOHA)
Sınıflandırma Veya Raf Düzeni Kaynak Dewey Decimal Classification
Koha Öğesi Türü Books
Holdings
Kalıcı Konum Mevcut Konum Edinme Tarihi Toplam Check-Out'Lar Tam Çağrı Numarası Barkod Tarih Son Görülme İtibaren Geçerli Fiyatlar Koha Öğesi Türü
CHP Kütüphanesi CHP Kütüphanesi 04/07/2022   302.35 D52b 2020 020389 04/07/2022 04/07/2022 Books